DRUG USE & MISUSE

Bibliographic Details
Format: Book
Language:English

MARC

LEADER 00000cam a2200000 7i4500
001 0000009860
005 20121116.0
008 121116 eng
020 |a 0471916846 
090 0 0 |a 362.293 DRU 
245 0 0 |a DRUG USE & MISUSE 
999 |a 0000091179   |b Buku   |c Rujukan   |e Perbadanan Perpustakaan Awam Melaka